000 00706nam a2200289Ia 4500
005 20260324133405.0
008 008 260324s9999 xx 000 0 eng d
020 _a9781315376509
037 _aEBOOK
040 _aCRL
040 _beng
040 _cCRL
041 _2eng
041 _aeng
084 _qCRL
100 _aRuth Chambers; Elizabeth Boath; Chris Drinkwater
_91192917
245 0 _aInvolving Patients and the Public
245 0 _bHow to do it Better
260 _bTaylor and Francis
260 _c2003
365 _a
365 _b220
856 _uhttp://www.taylorfrancis.com/books/9781315376509
942 _cEBOOK
999 _c1791896
_d1791896